00585nam a2200181Ia 450000500170000000800410001702000150005808200130007324500770008626000530016330000190021665000150023565000140025070000240026494200060028895200960029499900130039020240701042231.0240331s9999 xx 000 0 und d a0195630807 a100bMAN 0aMany Ramayanayas :bthe diversity of a narrative tradition in South Asia aCaliforniabUniversity of California pressc1992 axiii, 273 p ., a tradition aDiversity aRichman, Paulaeedt cL 001040708LaWERCLbWERCLcSSCd2024-03-31l0o 100 MANp3244r2024-03-31w2024-03-31yL c694d694